A Convenȯ̂ n. 151 da OIT sobre o Direito de Sindicalizaȯ̂ e Negociaȯ̂ na Administraȯ̂ Pb︢lica

Detalles Bibliográficos
Autor principal: Sampaio Silva, Clarissa
Otros Autores: Moreira Gomes, Ana Virginia
Formato: eBook
Lenguaje:portugués
Publicado: San Pablo: LTR, 2017
Materias:
Acceso en línea:Acceso restringido

MARC

LEADER 00000nam a22000007a 4500
005 20180320225440.0
007 cr|||| ||||
008 180320s2017 br |||||s|||| 00||0 por d
020 |a 978-85-361-9353-3 
035 |a 21124 
040 |a vLex 
090 |c 7527  |d 7527 
100 1 |a Sampaio Silva, Clarissa 
245 1 1 |a A Convenȯ̂ n. 151 da OIT sobre o Direito de Sindicalizaȯ̂ e Negociaȯ̂ na Administraȯ̂ Pb︢lica  |h [Recurso electrn̤ico] /  |c Clarissa Sampaio Silva, Ana Virginia Moreira Gomes 
256 |a Servicio en ln̕ea 
260 |a San Pablo:  |b LTR,  |c 2017 
300 |a 1 recurso electrn̤ico 
506 1 |a Disponible solo en los productos indicados  |d vLex Global  |d vLex Global (Academic Edition, excluding Law Schools)  |d vLex Global (U.S. Academic Edition, Law Schools)  |d vLex Global (U.S. Academic Edition, excluding Law Schools)  |d vLex Global (Academic Edition, Law Schools) 
650 0 4 |a Derecho Laboral y Seguridad Social  |z Brasil 
700 1 |a Moreira Gomes, Ana Virginia 
740 0 |a vLex Libros (Servicio en ln̕ea) 
856 4 0 |u http://vlex.com/source/conven-o-151-oit-direito-sindicaliza-o-negocia-o-administra-o-publica-21124  |z Acceso restringido 
942 |c BOOK 
999 0 |a Labor law and social security